000 00325nam a22001457a 4500
999 _c256714
_d256713
003 OSt
005 20180220141853.0
008 180220b xxu||||| |||| 00| 0 eng d
020 _a978-0-441-17271-9
040 _cN/a
100 _aFrank Herbert
245 _aDune
260 _aUSA
_bPenguin group
_c1965
942 _2lcc
_cBK